| 000 | 04894nam a22005177a 4500 | ||
|---|---|---|---|
| 005 | 20120207152323.0 | ||
| 010 | _aB-481682-706 | ||
| 020 |
_a9788128630446 _c499.00 |
||
| 035 | _aB-481682-706 | ||
| 037 | _bBlue Berry/Ven | ||
| 082 | _aS | ||
| 100 |
_aKeene, Carolyn _953576 |
||
| 245 |
_a Nancy drew action girl / _bby Carolyn Keene |
||
| 260 |
_aMumbai _bEuro Books _c2011 |
||
| 270 |
_aDani corporate Park,First floor,158,Vidyanagari Marg,Kalina,Santacruz(East), _bMumbay _e400098 |
||
| 300 |
_aunpages. _b21cm. |
||
| 500 | _a7stories in 1books | ||
| 700 | _941156 | ||
| 942 |
_2ddc _cEN _mKEE _hS |
||
| 999 |
_c62267 _d62267 |
||